Statystyki dla Największe jeziora w krajach Ameryki Północnej

Kliknij tutaj aby rozwiązać quiz!

Ogólne statystyki

  • Ten quiz został rozwiązany 13 razy
  • Średni wynik to 1 z 22

Statystyki odpowiedzi

KrajNazwa jeziora% Poprawnych
KanadaWielkie jezioro niedźwiedzie
69%
Saint Vincent i Grenadyny ( nie ma wpisz a)a
46%
USAWielkie słone jezioro
8%
JamajkaAroka pozostałe jezioro
0%
MeksykJezioro Chapara
0%
NikaraguaJezioro Cocibolca
0%
DominikanaJezioro Erniquillo
0%
BahamyJezioro Forsyth
0%
PanamaJezioro Gatun
0%
GrenadaJezioro Grand Etang
0%
GwatemalaJezioro Izabal
0%
SalwadorJezioro Lopango
0%
HaitiJezioro Peligre
0%
KostarykaLaguna Arenal
0%
HondurasLaguna Caratasca
0%
KubaLaguna Mleczna
0%
BelizeLaguna Północna
0%
Antigua i BarbudaPotworks Dam
0%
BarbadosPunkt Highclere
0%
DominikaSłodkowodne jezioro
0%
Saint Kitts i NevisStaw Greatheeds
0%
Saint LuciaZbiornik Roseau
0%

Rozkład punktacji

Percentyl według liczby udzielonych odpowiedzi

Procent ludzi z każdym wynikiem

Twoja historia wyników

Nie rozwiązałeś tego quizu